<?xml version="1.0" encoding="UTF-8"?>
<record
    xmlns:xsi="http://www.w3.org/2001/XMLSchema-instance"
    xsi:schemaLocation="http://www.loc.gov/MARC21/slim http://www.loc.gov/standards/marcxml/schema/MARC21slim.xsd"
    xmlns="http://www.loc.gov/MARC21/slim">

  <leader>01013nam a22002537a 4500</leader>
  <controlfield tag="003">OSt</controlfield>
  <controlfield tag="005">20180412190728.0</controlfield>
  <controlfield tag="008">180412s1990    spca   ||     000 ||spa|d</controlfield>
  <datafield tag="017" ind1=" " ind2=" ">
    <subfield code="a">DL B. 11586-1990</subfield>
  </datafield>
  <datafield tag="020" ind1=" " ind2=" ">
    <subfield code="a">84873750102 (cart.)</subfield>
  </datafield>
  <datafield tag="040" ind1=" " ind2=" ">
    <subfield code="a">ES-BaCBU</subfield>
    <subfield code="b">cat</subfield>
    <subfield code="c">CDMR</subfield>
  </datafield>
  <datafield tag="245" ind1="0" ind2="0">
    <subfield code="a">Qui&#xE9;n es qui&#xE9;n en el periodismo deportivo espa&#xF1;ol </subfield>
    <subfield code="c">/ [direcci&#xF3;n de la obra: Miguel Vidal ; Joan Pla: director literario ; coordinaci&#xF3;n de textos: Montserrat Jolis]</subfield>
  </datafield>
  <datafield tag="260" ind1=" " ind2=" ">
    <subfield code="a">Barcelona :</subfield>
    <subfield code="b">P &amp; P,</subfield>
    <subfield code="c">impr. 1990</subfield>
  </datafield>
  <datafield tag="300" ind1=" " ind2=" ">
    <subfield code="a">262 p. :</subfield>
    <subfield code="b">il.;</subfield>
    <subfield code="c">31 cm</subfield>
  </datafield>
  <datafield tag="500" ind1=" " ind2=" ">
    <subfield code="a">A la part superior de la portada: Asociaci&#xF3;n Espa&#xF1;ola de la Prensa Deportiva</subfield>
  </datafield>
  <datafield tag="500" ind1=" " ind2=" ">
    <subfield code="a">Al llom: 1</subfield>
  </datafield>
  <datafield tag="650" ind1="0" ind2="7">
    <subfield code="a">Periodisme esportiu</subfield>
    <subfield code="z">Espanya</subfield>
    <subfield code="x">Biografia</subfield>
    <subfield code="x">Diccionaris</subfield>
    <subfield code="2">lemac</subfield>
    <subfield code="9">3383</subfield>
  </datafield>
  <datafield tag="650" ind1="0" ind2="7">
    <subfield code="a">Periodistes esportius</subfield>
    <subfield code="z">Espanya</subfield>
    <subfield code="x">Directoris</subfield>
    <subfield code="2">lemac</subfield>
  </datafield>
  <datafield tag="700" ind1="1" ind2=" ">
    <subfield code="a">Vidal i Perell&#xF3;, Miquel,</subfield>
    <subfield code="d">1942-</subfield>
    <subfield code="e">ed.</subfield>
  </datafield>
  <datafield tag="700" ind1="1" ind2=" ">
    <subfield code="a">Pla, Joan,</subfield>
    <subfield code="d">1934-,</subfield>
    <subfield code="e">ed.</subfield>
  </datafield>
  <datafield tag="700" ind1="1" ind2=" ">
    <subfield code="a">Jolis, Montserrat,</subfield>
    <subfield code="e">ed.</subfield>
  </datafield>
  <datafield tag="710" ind1="2" ind2=" ">
    <subfield code="a">Asociaci&#xF3;n Espa&#xF1;ola de la Prensa Deportiva</subfield>
  </datafield>
  <datafield tag="942" ind1=" " ind2=" ">
    <subfield code="c">MON</subfield>
  </datafield>
  <datafield tag="999" ind1=" " ind2=" ">
    <subfield code="c">7121</subfield>
    <subfield code="d">7121</subfield>
  </datafield>
  <datafield tag="952" ind1=" " ind2=" ">
    <subfield code="0">0</subfield>
    <subfield code="1">0</subfield>
    <subfield code="4">0</subfield>
    <subfield code="7">0</subfield>
    <subfield code="a">CDMR</subfield>
    <subfield code="b">CDMR</subfield>
    <subfield code="d">2018-04-12</subfield>
    <subfield code="e">Donaci&#xF3;</subfield>
    <subfield code="g">21.00</subfield>
    <subfield code="l">0</subfield>
    <subfield code="o">Ba 5</subfield>
    <subfield code="p">CDMR18040008</subfield>
    <subfield code="r">2018-04-12</subfield>
    <subfield code="v">21.00</subfield>
    <subfield code="w">2018-04-12</subfield>
    <subfield code="y">MON</subfield>
  </datafield>
</record>
